[Event "European Chess Club Cup 2023"]
[Site "Durres, Albania"]
[Date "2023.10.06"]
[Round "6.1"]
[White "Keymer, Vincent"]
[Black "Mamedov, Rauf"]
[Result "1-0"]
[TimeControl "90' + 30' & 30\""]
[WhiteElo "2717"]
[BlackElo "2640"]

1. d4 {[%clk 01:30:57]} {[%emt 00:00:02]} Nf6 {[%clk 01:30:48]} {[%emt
00:00:13]} 2. c4 {[%clk 01:30:55]} {[%emt 00:00:32]} g6 {[%clk 01:31:13]}
{[%emt 00:00:04]} 3. Nc3 {[%clk 01:31:20]} {[%emt 00:00:06]} Bg7 {[%clk
01:31:38]} {[%emt 00:00:05]} 4. e4 {[%clk 01:31:16]} {[%emt 00:00:33]} d6
{[%clk 01:32:03]} {[%emt 00:00:05]} 5. Be2 {[%clk 01:31:39]} {[%emt 00:00:07]}
O-O {[%clk 01:32:28]} {[%emt 00:00:05]} 6. Be3 {[%clk 01:31:50]} {[%emt
00:00:19]} Na6 {[%clk 01:29:12]} {[%emt 00:03:46]} 7. h4 {[%clk 01:30:44]}
{[%emt 00:01:35]} h5 {[%clk 01:21:30]} {[%emt 00:08:11]} 8. Nf3 {[%clk
01:29:33]} {[%emt 00:01:42]} c6 {[%clk 01:17:53]} {[%emt 00:04:08]} 9. Rb1
{[%clk 01:13:45]} {[%emt 00:16:18]} Nc7 {[%clk 01:09:42]} {[%emt 00:08:40]} 10.
O-O {[%clk 01:01:43]} {[%emt 00:12:32]} Ng4 {[%clk 00:59:40]} {[%emt 00:10:31]}
11. Bc1 {[%clk 01:01:11]} {[%emt 00:01:03]} Ne6 {[%clk 00:53:58]} {[%emt
00:06:12]} 12. Qd3 {[%clk 00:45:01]} {[%emt 00:16:41]} Qb6 {[%clk 00:37:13]}
{[%emt 00:17:15]} 13. Rd1 {[%clk 00:35:13]} {[%emt 00:10:18]} a5 {[%clk
00:36:38]} {[%emt 00:01:04]} 14. b3 {[%clk 00:33:15]} {[%emt 00:02:29]} Bd7
{[%clk 00:28:39]} {[%emt 00:08:29]} 15. Bb2 {[%clk 00:28:49]} {[%emt 00:04:56]}
Qa7 {[%clk 00:23:36]} {[%emt 00:05:32]} 16. Bf1 {[%clk 00:24:47]} {[%emt
00:04:32]} Rfe8 {[%clk 00:17:18]} {[%emt 00:06:48]} 17. Qd2 {[%clk 00:24:05]}
{[%emt 00:01:13]} Rac8 {[%clk 00:17:18]} 18. Ne2 {[%clk 00:22:47]} {[%emt
00:02:18]} Bh6 {[%clk 00:14:49]} 19. Qe1 {[%clk 00:22:01]} {[%emt 00:04:15]}
Bg7 {[%clk 00:15:05]} 20. Ng3 {[%clk 00:21:17]} {[%emt 00:01:28]} Nf8 {[%clk
00:05:32]} 21. e5 {[%clk 00:20:27]} {[%emt 00:11:23]} dxe5 22. dxe5 Be6 {[%clk
00:05:15]} {[%emt 00:00:21]} 23. Bd4 {[%clk 00:20:13]} {[%emt 00:00:46]} c5
{[%clk 00:05:29]} {[%emt 00:00:16]} 24. Bc3 {[%clk 00:20:38]} {[%emt 00:00:05]}
b6 {[%clk 00:05:56]} {[%emt 00:00:03]} 25. Ng5 {[%clk 00:16:52]} {[%emt
00:04:16]} Qc7 {[%clk 00:06:11]} {[%emt 00:00:16]} 26. f4 {[%clk 00:16:57]}
{[%emt 00:00:25]} f6 {[%clk 00:03:25]} {[%emt 00:03:15]} 27. Nxe6 {[%clk
00:03:17]} {[%emt 00:14:11]} Nxe6 {[%clk 00:03:51]} {[%emt 00:00:04]} 28. Qe4
{[%clk 00:01:39]} {[%emt 00:02:09]} Nxf4 {[%clk 00:04:08]} {[%emt 00:00:13]} 29.
Nxh5 {[%clk 00:00:53]} {[%emt 00:01:16]} gxh5 {[%clk 00:04:13]} {[%emt
00:00:24]} 30. Qxf4 {[%clk 00:01:22]} {[%emt 00:00:01]} e6 {[%clk 00:02:05]} 31.
Be2 {[%clk 00:01:14]} {[%emt 00:03:17]} Bh6 {[%clk 00:01:31]} 32. Qg3 {[%clk
00:01:39]} {[%emt 00:01:08]} f5 {[%emt 00:00:32]} 33. Bxg4 {[%clk 00:01:43]}
{[%emt 00:00:26]} hxg4 {[%clk 00:01:13]} {[%emt 00:00:46]} 34. Rd6 {[%clk
00:02:08]} {[%emt 00:00:05]} Kh7 {[%clk 00:00:57]} {[%emt 00:00:47]} 35. Rbd1
{[%clk 00:02:12]} {[%emt 00:00:26]} Re7 {[%clk 00:01:24]} {[%emt 00:00:03]} 36.
Bd2 {[%clk 00:02:32]} {[%emt 00:00:10]} Bxd2 {[%clk 00:01:34]} {[%emt
00:00:20]} 37. R1xd2 {[%clk 00:03:00]} {[%emt 00:00:02]} Rg8 {[%clk 00:01:53]}
{[%emt 00:00:10]} 38. R2d3 {[%clk 00:01:56]} {[%emt 00:01:35]} Rgg7 {[%clk
00:01:10]} {[%emt 00:01:13]} 39. Qf4 {[%clk 00:01:55]} {[%emt 00:00:31]} Rg6
{[%clk 00:00:33]} {[%emt 00:01:07]} 40. h5 {[%clk 00:01:12]} {[%emt 00:01:12]}
Rh6 {[%clk 00:00:59]} {[%emt 00:00:04]} 41. Qd2 {[%clk 00:28:01]} {[%emt
00:03:41]} 1-0

[Event "European Chess Club Cup 2023"]
[Site "Durres, Albania"]
[Date "2023.10.06"]
[Round "6.2"]
[White "Suleymanli, Aydin"]
[Black "Grandelius, Nils"]
[Result "0-1"]
[TimeControl "90' + 30' & 30\""]
[WhiteElo "2588"]
[BlackElo "2689"]

1. e4 {[%clk 01:30:48]} {[%emt 00:00:11]} e5 {[%clk 01:30:39]} {[%emt
00:00:21]} 2. Nf3 {[%clk 01:31:13]} {[%emt 00:00:06]} Nc6 {[%clk 01:31:02]}
{[%emt 00:00:06]} 3. Bb5 {[%clk 01:31:40]} {[%emt 00:00:04]} a6 {[%clk
01:31:08]} {[%emt 00:00:23]} 4. Ba4 {[%clk 01:32:07]} {[%emt 00:00:04]} Bc5
{[%clk 01:30:36]} {[%emt 00:01:01]} 5. c3 {[%clk 01:31:25]} {[%emt 00:01:12]}
Nge7 {[%clk 01:30:39]} {[%emt 00:00:27]} 6. O-O {[%clk 01:28:56]} {[%emt
00:03:00]} Ng6 {[%clk 01:29:51]} {[%emt 00:01:17]} 7. d4 {[%clk 01:29:08]}
{[%emt 00:00:19]} Ba7 {[%clk 01:30:14]} {[%emt 00:00:06]} 8. Bg5 {[%clk
01:26:15]} {[%emt 00:03:23]} f6 {[%clk 01:30:01]} {[%emt 00:00:43]} 9. Be3
{[%clk 01:26:42]} {[%emt 00:00:04]} O-O {[%clk 01:29:52]} {[%emt 00:00:38]} 10.
d5 {[%clk 01:24:18]} {[%emt 00:02:55]} Nce7 {[%clk 01:29:15]} {[%emt 00:01:06]}
11. d6 {[%clk 01:21:07]} {[%emt 00:03:42]} cxd6 {[%clk 01:28:40]} {[%emt
00:01:04]} 12. Bxa7 {[%clk 01:20:14]} {[%emt 00:01:23]} Rxa7 {[%clk 01:29:04]}
{[%emt 00:00:06]} 13. Qxd6 {[%clk 01:20:14]} {[%emt 00:00:31]} b5 {[%clk
01:28:16]} {[%emt 00:01:17]} 14. Bb3+ {[%clk 01:17:57]} {[%emt 00:02:47]} Kh8
{[%clk 01:25:48]} {[%emt 00:02:57]} 15. a4 {[%clk 01:16:47]} {[%emt 00:01:41]}
Rb7 {[%clk 01:23:14]} {[%emt 00:03:04]} 16. a5 {[%clk 00:59:36]} {[%emt
00:17:41]} Rc7 {[%clk 00:59:42]} {[%emt 00:24:01]} 17. Nbd2 {[%clk 00:56:32]}
{[%emt 00:03:34]} Bb7 {[%clk 00:56:53]} {[%emt 00:03:20]} 18. Rfe1 {[%clk
00:53:04]} {[%emt 00:03:58]} Rc6 {[%clk 00:53:59]} {[%emt 00:03:23]} 19. Qa3
{[%clk 00:52:50]} {[%emt 00:00:44]} Rc8 {[%clk 00:43:50]} {[%emt 00:10:39]} 20.
Nf1 {[%clk 00:49:28]} {[%emt 00:03:52]} f5 {[%clk 00:34:47]} {[%emt 00:09:33]}
21. Ng5 {[%clk 00:37:10]} {[%emt 00:12:49]} fxe4 {[%clk 00:34:21]} {[%emt
00:00:55]} 22. Rad1 {[%clk 00:30:04]} {[%emt 00:07:36]} Nf4 {[%clk 00:31:14]}
{[%emt 00:03:38]} 23. Ne6 {[%clk 00:26:05]} {[%emt 00:04:29]} Nxe6 {[%clk
00:30:22]} {[%emt 00:01:22]} 24. Bxe6 {[%clk 00:26:32]} {[%emt 00:00:02]} Bc6
{[%clk 00:28:35]} {[%emt 00:02:17]} 25. Ng3 {[%clk 00:19:10]} {[%emt 00:07:52]}
Qe8 {[%clk 00:19:53]} {[%emt 00:09:12]} 26. Bg4 {[%clk 00:18:29]} {[%emt
00:01:10]} Qf7 {[%clk 00:19:25]} {[%emt 00:00:59]} 27. Kh1 {[%clk 00:18:05]}
{[%emt 00:00:54]} Ng6 {[%emt 00:08:25]} 28. Qd6 {[%clk 00:14:30]} Qxf2 {[%clk
00:13:43]} {[%emt 00:02:22]} 29. Re2 {[%clk 00:13:26]} {[%emt 00:01:34]} Qf6
{[%clk 00:13:04]} {[%emt 00:01:09]} 30. Qxf6 {[%clk 00:12:06]} {[%emt
00:01:51]} gxf6 {[%clk 00:11:06]} {[%emt 00:02:28]} 31. Rd6 {[%clk 00:10:33]}
{[%emt 00:02:02]} Nf4 {[%clk 00:09:38]} {[%emt 00:01:58]} 32. Re3 {[%clk
00:09:23]} {[%emt 00:01:39]} Nd3 {[%clk 00:09:18]} {[%emt 00:00:51]} 33. Re2
{[%clk 00:05:20]} {[%emt 00:04:33]} Nf4 {[%clk 00:09:28]} {[%emt 00:00:20]} 34.
Re3 {[%clk 00:05:44]} {[%emt 00:00:06]} Nd3 {[%clk 00:09:54]} {[%emt 00:00:05]}
35. Re2 {[%clk 00:06:11]} {[%emt 00:00:03]} b4 {[%clk 00:10:15]} {[%emt
00:00:08]} 36. Bf5 {[%clk 00:05:13]} {[%emt 00:01:29]} bxc3 {[%clk 00:09:55]}
{[%emt 00:00:49]} 37. bxc3 {[%clk 00:05:41]} {[%emt 00:00:02]} Rb8 {[%clk
00:07:52]} {[%emt 00:02:34]} 38. h4 {[%clk 00:02:47]} {[%emt 00:03:24]} Nf4
{[%clk 00:07:46]} {[%emt 00:00:35]} 39. Ra2 {[%clk 00:01:38]} {[%emt 00:01:39]}
e3 {[%clk 00:05:40]} {[%emt 00:02:36]} 40. Bxd7 {[%clk 00:01:21]} {[%emt
00:00:47]} Bd5 {[%clk 00:04:36]} {[%emt 00:01:33]} 0-1

[Event "European Chess Club Cup 2023"]
[Site "Durres, Albania"]
[Date "2023.10.06"]
[Round "6.3"]
[White "Navara, David"]
[Black "Asadli, Vugar"]
[Result "1-0"]
[TimeControl "90' + 30' & 30\""]
[WhiteElo "2689"]
[BlackElo "2563"]

1. d4 {[%clk 01:30:57]} {[%emt 00:00:03]} Nf6 {[%clk 01:30:35]} {[%emt
00:00:26]} 2. c4 {[%clk 01:31:20]} {[%emt 00:00:07]} g6 {[%clk 01:31:00]}
{[%emt 00:00:05]} 3. Nc3 {[%clk 01:31:45]} {[%emt 00:00:05]} Bg7 {[%clk
01:31:25]} {[%emt 00:00:05]} 4. e4 {[%clk 01:32:09]} {[%emt 00:00:06]} d6
{[%clk 01:31:51]} {[%emt 00:00:05]} 5. Nf3 {[%clk 01:32:33]} {[%emt 00:00:06]}
O-O {[%clk 01:32:13]} {[%emt 00:00:08]} 6. Be2 {[%clk 01:32:59]} {[%emt
00:00:04]} e5 {[%clk 01:31:45]} {[%emt 00:00:58]} 7. O-O {[%clk 01:33:22]}
{[%emt 00:00:06]} Na6 {[%clk 01:30:47]} {[%emt 00:01:28]} 8. Be3 {[%clk
01:33:32]} {[%emt 00:00:20]} Qe7 {[%clk 01:30:58]} {[%emt 00:00:19]} 9. d5
{[%clk 01:26:23]} {[%emt 00:07:39]} Ng4 {[%clk 01:29:27]} {[%emt 00:02:01]} 10.
Bg5 {[%clk 01:26:47]} {[%emt 00:00:05]} f6 {[%clk 01:29:50]} {[%emt 00:00:08]}
11. Bh4 {[%clk 01:27:10]} {[%emt 00:00:07]} g5 {[%clk 01:30:15]} {[%emt
00:00:05]} 12. Bg3 {[%clk 01:27:23]} {[%emt 00:00:17]} f5 {[%clk 01:30:42]}
{[%emt 00:00:03]} 13. exf5 {[%clk 01:27:45]} {[%emt 00:00:07]} Bxf5 {[%clk
01:31:06]} {[%emt 00:00:06]} 14. Nd2 {[%clk 01:23:14]} {[%emt 00:05:01]} Nf6
{[%clk 01:27:25]} {[%emt 00:04:10]} 15. Re1 {[%clk 01:23:21]} {[%emt 00:00:23]}
Nc5 {[%clk 01:17:43]} {[%emt 00:10:13]} 16. b4 {[%clk 01:22:15]} {[%emt
00:01:35]} Nd3 {[%clk 01:14:47]} {[%emt 00:03:25]} 17. Qb1 {[%clk 01:19:14]}
{[%emt 00:03:32]} Nxe1 {[%clk 01:08:29]} {[%emt 00:06:47]} 18. Qxf5 {[%clk
01:19:35]} {[%emt 00:00:09]} a5 {[%clk 01:08:41]} {[%emt 00:00:18]} 19. b5
{[%clk 01:13:41]} {[%emt 00:06:24]} Nd7 {[%clk 01:02:16]} {[%emt 00:06:55]} 20.
Qe6+ {[%clk 01:11:50]} {[%emt 00:02:21]} Qxe6 {[%clk 01:02:42]} {[%emt
00:00:05]} 21. dxe6 {[%clk 01:12:10]} {[%emt 00:00:09]} Nc2 {[%clk 01:03:10]}
{[%emt 00:00:03]} 22. Rc1 {[%clk 01:12:27]} {[%emt 00:00:12]} Nd4 {[%clk
01:03:35]} {[%emt 00:00:06]} 23. exd7 {[%clk 01:12:44]} {[%emt 00:00:13]} Nxe2+
{[%clk 01:03:59]} {[%emt 00:00:05]} 24. Nxe2 {[%clk 01:13:06]} {[%emt
00:00:08]} Rad8 {[%clk 01:03:37]} {[%emt 00:00:52]} 25. Ne4 {[%clk 01:09:22]}
{[%emt 00:04:13]} h6 {[%clk 01:04:03]} {[%emt 00:00:04]} 26. c5 {[%clk
00:53:47]} {[%emt 00:16:06]} Rxd7 {[%clk 00:57:58]} {[%emt 00:06:35]} 27. c6
{[%clk 00:53:58]} {[%emt 00:00:19]} bxc6 {[%clk 00:50:56]} {[%emt 00:07:32]} 28.
bxc6 {[%clk 00:54:21]} {[%emt 00:00:07]} Rdf7 {[%clk 00:49:57]} {[%emt
00:01:28]} 29. N2c3 {[%clk 00:42:44]} {[%emt 00:12:07]} Rb8 {[%clk 00:49:55]}
{[%emt 00:00:33]} 30. f3 {[%clk 00:33:32]} {[%emt 00:09:42]} Rb4 {[%clk
00:40:29]} {[%emt 00:09:56]} 31. Nd5 {[%clk 00:33:29]} {[%emt 00:00:32]} Rd4
{[%emt 00:02:21]} 32. Ne3 {[%clk 00:33:32]} {[%emt 00:00:16]} Rd3 {[%clk
00:37:16]} {[%emt 00:02:03]} 33. Rc3 {[%clk 00:30:54]} {[%emt 00:03:08]} Rd4
{[%clk 00:34:51]} {[%emt 00:02:56]} 34. Rc2 {[%clk 00:28:38]} {[%emt 00:02:46]}
Rd3 {[%clk 00:24:36]} {[%emt 00:10:45]} 35. Kf2 {[%clk 00:28:08]} {[%emt
00:01:00]} Rf8 {[%clk 00:22:43]} {[%emt 00:02:23]} 36. Ke2 {[%clk 00:27:33]}
{[%emt 00:01:05]} Rd4 {[%clk 00:23:09]} {[%emt 00:00:04]} 37. Be1 {[%clk
00:26:57]} {[%emt 00:01:06]} Ra8 {[%clk 00:23:24]} {[%emt 00:00:16]} 38. Nc3
{[%clk 00:24:30]} {[%emt 00:02:56]} 1-0

[Event "European Chess Club Cup 2023"]
[Site "Durres, Albania"]
[Date "2023.10.06"]
[Round "6.4"]
[White "Ahmadzada, Ahmad"]
[Black "Nguyen, Thai Dai Van"]
[Result "1/2-1/2"]
[TimeControl "90' + 30' & 30\""]
[WhiteElo "2494"]
[BlackElo "2618"]

1. e4 {[%clk 01:30:56]} {[%emt 00:00:04]} c5 {[%clk 01:30:16]} {[%emt
00:00:45]} 2. c3 {[%clk 01:31:18]} {[%emt 00:00:08]} Nf6 {[%clk 01:30:33]}
{[%emt 00:00:12]} 3. e5 {[%clk 01:31:42]} {[%emt 00:00:07]} Nd5 {[%clk
01:30:44]} {[%emt 00:00:17]} 4. d4 {[%clk 01:32:07]} {[%emt 00:00:06]} cxd4
{[%clk 01:30:39]} {[%emt 00:00:35]} 5. Nf3 {[%clk 01:32:31]} {[%emt 00:00:07]}
d6 {[%clk 01:20:56]} {[%emt 00:10:13]} 6. cxd4 {[%clk 01:32:46]} {[%emt
00:00:15]} Nc6 {[%clk 01:16:19]} {[%emt 00:05:07]} 7. Bc4 {[%clk 01:33:08]}
{[%emt 00:00:07]} dxe5 {[%clk 01:12:41]} {[%emt 00:04:09]} 8. dxe5 {[%clk
01:33:30]} {[%emt 00:00:07]} Be6 {[%clk 01:13:08]} {[%emt 00:00:04]} 9. O-O
{[%clk 01:33:45]} {[%emt 00:00:15]} Nc7 {[%clk 00:57:13]} {[%emt 00:16:25]} 10.
Qe2 {[%clk 01:33:43]} {[%emt 00:00:32]} Bxc4 {[%clk 00:57:03]} {[%emt
00:00:40]} 11. Qxc4 {[%clk 01:34:05]} {[%emt 00:00:07]} g6 {[%clk 00:49:46]}
{[%emt 00:07:47]} 12. Nc3 {[%clk 01:33:17]} {[%emt 00:01:18]} Bg7 {[%clk
00:49:20]} {[%emt 00:00:57]} 13. Rd1 {[%clk 01:23:02]} {[%emt 00:10:45]} Qb8
{[%clk 00:46:20]} {[%emt 00:03:30]} 14. Bf4 {[%clk 01:09:58]} {[%emt 00:13:34]}
Ne6 {[%clk 00:46:42]} {[%emt 00:00:07]} 15. Ng5 {[%clk 01:06:14]} {[%emt
00:04:14]} Nxg5 {[%clk 00:41:49]} {[%emt 00:05:24]} 16. e6 {[%clk 01:01:20]}
{[%emt 00:05:24]} Qc8 {[%clk 00:40:52]} {[%emt 00:01:26]} 17. Bxg5 {[%clk
01:01:45]} {[%emt 00:00:07]} Qxe6 {[%clk 00:40:09]} {[%emt 00:01:13]} 18. Nd5
{[%clk 01:01:53]} {[%emt 00:00:21]} O-O {[%clk 00:40:30]} {[%emt 00:00:08]} 19.
Re1 {[%clk 00:50:29]} {[%emt 00:11:54]} Qf5 {[%clk 00:28:39]} {[%emt 00:12:22]}
20. Bxe7 {[%clk 00:49:01]} {[%emt 00:01:58]} Rfc8 {[%clk 00:16:28]} {[%emt
00:12:41]} 21. Bb4 {[%clk 00:41:40]} {[%emt 00:07:49]} Bxb2 {[%clk 00:09:00]}
{[%emt 00:08:00]} 22. Rab1 {[%clk 00:37:12]} {[%emt 00:04:58]} Bd4 {[%clk
00:07:33]} {[%emt 00:01:57]} 23. Qxd4 {[%clk 00:30:34]} {[%emt 00:07:07]} Nxd4
{[%clk 00:08:02]} {[%emt 00:00:02]} 24. Ne7+ {[%clk 00:30:56]} {[%emt
00:00:08]} Kg7 {[%clk 00:08:17]} {[%emt 00:00:15]} 25. Nxf5+ {[%clk 00:31:18]}
{[%emt 00:00:07]} Nxf5 {[%clk 00:07:55]} {[%emt 00:00:52]} 26. g4 {[%clk
00:31:19]} {[%emt 00:00:30]} Nd4 {[%clk 00:05:19]} {[%emt 00:03:06]} 27. Re7
{[%clk 00:31:25]} {[%emt 00:00:23]} Rc4 {[%clk 00:03:40]} {[%emt 00:02:10]} 28.
Rxb7 {[%clk 00:30:09]} {[%emt 00:01:46]} Nc6 {[%clk 00:01:09]} {[%emt
00:03:02]} 29. h3 {[%clk 00:30:05]} {[%emt 00:00:34]} Nxb4 {[%clk 00:01:17]}
{[%emt 00:00:22]} 30. R7xb4 {[%clk 00:30:24]} {[%emt 00:00:09]} Rac8 {[%clk
00:01:33]} {[%emt 00:00:15]} 31. Kg2 {[%clk 00:29:56]} {[%emt 00:00:58]}
1/2-1/2

[Event "European Chess Club Cup 2023"]
[Site "Durres, Albania"]
[Date "2023.10.06"]
[Round "6.5"]
[White "Anton Guijarro, David"]
[Black "Samadov, Read"]
[Result "1/2-1/2"]
[TimeControl "90' + 30' & 30\""]
[WhiteElo "2653"]
[BlackElo "2492"]

1. e4 {[%clk 01:30:15]} {[%emt 00:00:40]} c5 {[%clk 01:30:53]} {[%emt
00:00:12]} 2. Nf3 {[%clk 01:30:34]} {[%emt 00:00:10]} d6 {[%clk 01:31:16]}
{[%emt 00:00:08]} 3. Bb5+ {[%clk 01:30:51]} {[%emt 00:00:13]} Nd7 {[%clk
01:31:20]} {[%emt 00:00:26]} 4. Ba4 {[%clk 01:30:26]} {[%emt 00:00:54]} Ngf6
{[%clk 01:30:42]} {[%emt 00:01:09]} 5. O-O {[%clk 01:30:38]} {[%emt 00:00:18]}
e6 {[%clk 01:29:50]} {[%emt 00:01:21]} 6. d3 {[%clk 01:30:13]} {[%emt
00:00:56]} Be7 {[%clk 01:27:37]} {[%emt 00:02:44]} 7. c4 {[%clk 01:30:19]}
{[%emt 00:00:23]} O-O {[%clk 01:27:04]} {[%emt 00:01:03]} 8. Nc3 {[%clk
01:30:23]} {[%emt 00:00:26]} Ne5 {[%clk 01:23:17]} {[%emt 00:04:17]} 9. Ne1
{[%clk 01:30:19]} {[%emt 00:00:33]} Bd7 {[%clk 01:19:06]} {[%emt 00:04:42]} 10.
Bxd7 {[%clk 01:30:15]} {[%emt 00:00:34]} Qxd7 {[%clk 01:12:02]} {[%emt
00:07:35]} 11. f4 {[%clk 01:30:08]} {[%emt 00:00:37]} Nc6 {[%clk 01:12:00]}
{[%emt 00:00:32]} 12. g4 {[%clk 01:25:41]} {[%emt 00:04:57]} Ne8 {[%clk
01:03:48]} {[%emt 00:08:42]} 13. f5 {[%clk 01:10:58]} {[%emt 00:15:13]} Bf6
{[%clk 00:57:34]} {[%emt 00:06:45]} 14. Nf3 {[%clk 01:02:09]} {[%emt 00:09:18]}
Ne5 {[%clk 00:49:41]} {[%emt 00:08:23]} 15. g5 {[%clk 00:42:52]} {[%emt
00:19:47]} Nxf3+ {[%clk 00:48:18]} {[%emt 00:01:54]} 16. Qxf3 {[%clk 00:43:17]}
{[%emt 00:00:05]} Bxc3 {[%clk 00:44:23]} {[%emt 00:04:25]} 17. bxc3 {[%clk
00:43:42]} {[%emt 00:00:05]} exf5 {[%clk 00:41:21]} {[%emt 00:03:32]} 18. Qxf5
{[%clk 00:39:37]} {[%emt 00:04:34]} Qe7 {[%clk 00:35:31]} {[%emt 00:06:20]} 19.
Rb1 {[%clk 00:33:59]} {[%emt 00:06:09]} b6 {[%clk 00:33:41]} {[%emt 00:02:20]}
20. Rb2 {[%clk 00:28:38]} {[%emt 00:05:52]} Nc7 {[%clk 00:31:09]} {[%emt
00:03:01]} 21. Rbf2 {[%clk 00:25:36]} {[%emt 00:03:32]} a6 {[%clk 00:26:20]}
{[%emt 00:05:19]} 22. a4 {[%clk 00:14:37]} {[%emt 00:11:29]} Rab8 {[%clk
00:18:11]} {[%emt 00:08:40]} 23. h4 {[%clk 00:08:52]} {[%emt 00:06:14]} b5
{[%clk 00:17:19]} {[%emt 00:01:22]} 24. axb5 {[%clk 00:08:51]} {[%emt
00:00:31]} axb5 {[%clk 00:17:42]} {[%emt 00:00:07]} 25. cxb5 {[%clk 00:08:42]}
{[%emt 00:00:39]} Rxb5 {[%clk 00:16:18]} {[%emt 00:01:54]} 26. Qg4 {[%clk
00:08:13]} {[%emt 00:00:58]} Qe6 {[%clk 00:12:10]} {[%emt 00:04:36]} 27. Qg3
{[%clk 00:06:15]} {[%emt 00:02:30]} Rbb8 {[%clk 00:09:36]} {[%emt 00:03:05]} 28.
Rf6 {[%clk 00:05:00]} {[%emt 00:01:45]} Qb3 {[%clk 00:09:45]} {[%emt 00:00:21]}
29. c4 {[%clk 00:04:16]} {[%emt 00:01:14]} Ne6 {[%clk 00:09:51]} {[%emt
00:00:23]} 30. R6f2 {[%clk 00:04:41]} {[%emt 00:00:05]} Qc3 {[%clk 00:09:28]}
{[%emt 00:00:53]} 31. Bf4 {[%clk 00:03:19]} {[%emt 00:01:54]} Nxf4 {[%clk
00:08:35]} {[%emt 00:01:23]} 32. Rxf4 {[%clk 00:03:43]} {[%emt 00:00:04]} Rb3
{[%clk 00:07:38]} {[%emt 00:01:28]} 33. R4f3 {[%clk 00:03:20]} {[%emt
00:00:53]} Qe5 {[%clk 00:07:15]} {[%emt 00:00:52]} 34. Kg2 {[%clk 00:02:46]}
{[%emt 00:01:05]} Rb2+ {[%clk 00:05:41]} {[%emt 00:02:04]} 35. R1f2 {[%clk
00:02:59]} {[%emt 00:00:16]} Rxf2+ {[%clk 00:05:36]} {[%emt 00:00:36]} 36. Rxf2
{[%clk 00:02:29]} {[%emt 00:01:00]} f6 {[%clk 00:04:50]} {[%emt 00:01:16]} 37.
Qxe5 {[%clk 00:02:01]} {[%emt 00:00:58]} dxe5 {[%clk 00:04:07]} {[%emt
00:01:13]} 38. Ra2 {[%clk 00:01:22]} {[%emt 00:01:09]} Rd8 {[%clk 00:01:54]}
{[%emt 00:02:44]} 39. gxf6 {[%clk 00:00:53]} {[%emt 00:00:58]} Rxd3 {[%clk
00:01:55]} {[%emt 00:00:29]} 40. fxg7 {[%clk 00:01:14]} {[%emt 00:00:09]} Kxg7
{[%clk 00:02:15]} {[%emt 00:00:10]} 1/2-1/2